000 00393cam a2200169ua 4500
001 10577
008 190319n ii |||gr||||Z||||||eng
020 _a9789380642338
040 _cMAIN
082 _a909
100 _aS P Nanda,
_eAuthor.
245 _aHistory of the world
260 _aNew Delhi:
_bDominant publishers,
_c2016.
300 _a321p.
653 _aWorld history
942 _cBK
999 _c9550
_d9550